Cases in international finance / (Record no. 14371)
[ view plain ]
| 000 -LEADER | |
|---|---|
| fixed length control field | 00762nam a2200217 a 4500 |
| 003 - CONTROL NUMBER IDENTIFIER | |
| control field | PILC |
| 005 - DATE AND TIME OF LATEST TRANSACTION | |
| control field | 20150112093431.0 |
| 008 - FIXED-LENGTH DATA ELEMENTS--GENERAL INFORMATION | |
| fixed length control field | 100713s19uu xx 00 eng d |
| 020 ## - INTERNATIONAL STANDARD BOOK NUMBER | |
| International Standard Book Number | 0201513072 |
| 050 ## - LIBRARY OF CONGRESS CALL NUMBER | |
| Classification number | HG 3881 |
| Item number | .A125 1992 |
| 082 ## - DEWEY DECIMAL CLASSIFICATION NUMBER | |
| Classification number | ESF 332.042 |
| Item number | D87 1993 |
| 100 ## - MAIN ENTRY--PERSONAL NAME | |
| Personal name | Dufey, Gunter |
| 9 (RLIN) | 10608 |
| 245 ## - TITLE STATEMENT | |
| Title | Cases in international finance / |
| Statement of responsibility, etc | Gunter Dufey, Ian H. Giddy ; contributions by Edgar Barrett ... [et al.]. |
| 250 ## - EDITION STATEMENT | |
| Edition statement | 2nd ed. |
| 260 ## - PUBLICATION, DISTRIBUTION, ETC. (IMPRINT) | |
| Place of publication, distribution, etc | Reading, Massachusetts : |
| Name of publisher, distributor, etc | Addison-Wesley Publishing Company, |
| Date of publication, distribution, etc | 1993. |
| 300 ## - PHYSICAL DESCRIPTION | |
| Extent | 337 pages : |
| Other physical details | illustration ; |
| Dimensions | 24 cm. |
| 650 ## - SUBJECT ADDED ENTRY--TOPICAL TERM | |
| Topical term or geographic name as entry element | Economics-International finance -case studies |
| 9 (RLIN) | 10609 |
| 650 ## - SUBJECT ADDED ENTRY--TOPICAL TERM | |
| Topical term or geographic name as entry element | 50 case in international finance |
| 9 (RLIN) | 10610 |
| 700 ## - ADDED ENTRY--PERSONAL NAME | |
| Personal name | Giddy, Ian H. |
| 9 (RLIN) | 10611 |
| 942 ## - ADDED ENTRY ELEMENTS (KOHA) | |
| Source of classification or shelving scheme | Library of Congress Classification |
| Koha item type | Books |
| Withdrawn status | Lost status | Source of classification or shelving scheme | Damaged status | Home library | Current library | Shelving location | Date acquired | Total Checkouts | Total Renewals | Full call number | Barcode | Date last seen | Date checked out | Copy number | Price effective from | Koha item type |
|---|---|---|---|---|---|---|---|---|---|---|---|---|---|---|---|---|
| Library of Congress Classification | Southville International School Affiliated with Foreign Universities Library | Southville International School Affiliated with Foreign Universities Library | Southville Foreign University Section | 08/15/2013 | 2 | 8 | HG 3881 .A125 1992 | SFU0265 | 05/29/2023 | 04/24/2023 | 1 | 08/15/2013 | Books |